000 00705nam a22002417a 4500
001 91941
003 UA-OsUOA
005 20200928143906.0
007 ta
008 20121207b un ||||| |||| 00| 0 ukr d
020 _a57707069968
040 _aUA-OsUOA
_bukr
_cUA-OsUOA
_dUA-OsUOA
041 _aukr
080 _a821.161.2
090 _a821.161.2
_bЧ-15
100 _aЧайковський А.
245 _aТвори у восьми томах: повісті з ХІХ століття
_nт. 5
260 _aЛьвів
_bЧервона калина
_c1993
300 _a599 с.
650 7 _a82 Література. Літературознавство
_2UDC
942 _cBK
_2udc
955 _a3
999 _c378199
_d378199